Statystyki dla Państwa zaczynające się na literę "A"

Kliknij tutaj aby rozwiązać quiz!

Ogólne statystyki

  • Ten quiz został rozwiązany 96 razy
    (78 od ostatniego zresetowania)
  • Średni wynik to 8 z 12

Statystyki odpowiedzi

Odpowiedź% Poprawnych
Andora
84%
Armenia
81%
Australia
81%
Austria
79%
Argentyna
78%
Angola
73%
Afganistan
70%
Algieria
70%
Azerbejdżan
67%
Albania
63%
Arabia Saudyjska
57%
Antigua i Barbuda
46%

Rozkład punktacji

Percentyl według liczby udzielonych odpowiedzi

Procent ludzi z każdym wynikiem

Twoja historia wyników

Nie rozwiązałeś tego quizu od ostatniego zresetowania